00541 a2200205 4500260001200000100002400012700002300036260001000059300000900069245011500078650002500193650001200218650003100230650003100261650000800292260000900300130000700309500000900316040001000325 aCotonou aAHOTONDJI, Hortence aAHOUANDJINOU, Iris bENEAM b38 p aAnalyse du dispositif de mobilisation et de sécurisation de l'Epargne à la caisse nationale dépargne CNE aCOMPTABILITE GESTION aEPARGNE aDISPOSITIF DE MOBILISATION aDISPOSITIF DE SECURISATION aCNE c2007 lFr a1 ex aENEAM